000 00769cam a22002171 4500
001 000017956
005 20200929165307.0
008 770208s|||| pe 000 0 spa
040 _aDO-SdBNP
_cFMFIU
_dOCoLC
_dCNE
_dDLC
_dBNPHU
082 _aG863.44
_bA683h
100 2 _aArévalo Martínez, Rafael,
_d1884-1975
_938937
245 1 3 _aEl hombre que parecia un caballo y otros cuentos /
_cRafael Arévalo Martínez.
260 _aLima :
_bLatinoamericana,
_c[19 ?].
300 _a151 p. ;
_c17 cm.
490 1 _aPrimer Festival del Libro Centroamericano
_v10
650 4 _aCuentos guatemaltecos
_915066
650 4 _aLiteratura guatemalteca
_95393
830 0 _aPrimer Festival del Libro Centroamericano,
_v10
_938938
910 _aCatalogación derivada
049 _aBNGR
999 _c17480
_d17480